<?xml version="1.0" encoding="UTF-8"?>
<record
    xmlns:xsi="http://www.w3.org/2001/XMLSchema-instance"
    xsi:schemaLocation="http://www.loc.gov/MARC21/slim http://www.loc.gov/standards/marcxml/schema/MARC21slim.xsd"
    xmlns="http://www.loc.gov/MARC21/slim">

  <leader>01747nam a2200241 a 4500</leader>
  <controlfield tag="008">120416s0000    ||||||||||||||||| ||    u</controlfield>
  <datafield tag="020" ind1=" " ind2=" ">
    <subfield code="a">0304303445</subfield>
  </datafield>
  <datafield tag="050" ind1=" " ind2=" ">
    <subfield code="a">HF 5635 But</subfield>
  </datafield>
  <datafield tag="100" ind1=" " ind2=" ">
    <subfield code="a">Butt, Safdar Ali</subfield>
  </datafield>
  <datafield tag="245" ind1="1" ind2="2">
    <subfield code="a">A practice manual in accounting</subfield>
  </datafield>
  <datafield tag="260" ind1=" " ind2=" ">
    <subfield code="a">London</subfield>
    <subfield code="b">Cassell</subfield>
    <subfield code="c">1978</subfield>
  </datafield>
  <datafield tag="300" ind1=" " ind2=" ">
    <subfield code="a">3v. : ill.</subfield>
  </datafield>
  <datafield tag="350" ind1=" " ind2=" ">
    <subfield code="a">0.00</subfield>
  </datafield>
  <datafield tag="995" ind1=" " ind2=" ">
    <subfield code="a">ANNEX COLLECTION (Main Library)</subfield>
    <subfield code="D">0.00</subfield>
    <subfield code="e">705309</subfield>
    <subfield code="F">CBU-MAIN LIBRARY (Kitwe)</subfield>
    <subfield code="H">7</subfield>
    <subfield code="I">6.85</subfield>
    <subfield code="j">HF 5635 But</subfield>
    <subfield code="U">AVAILABLE</subfield>
    <subfield code="y">005550</subfield>
    <subfield code="Z">Annex Low-Usage Collection </subfield>
  </datafield>
  <datafield tag="995" ind1=" " ind2=" ">
    <subfield code="a">BINDERY (DAMAGED)</subfield>
    <subfield code="D">0.00</subfield>
    <subfield code="e">705283</subfield>
    <subfield code="F">CBU-MAIN LIBRARY (Kitwe)</subfield>
    <subfield code="H">1</subfield>
    <subfield code="I">0.00</subfield>
    <subfield code="j">HF 5635 But</subfield>
    <subfield code="U">DAMAGED</subfield>
    <subfield code="W">Jun 10, 2009</subfield>
    <subfield code="y">705283</subfield>
    <subfield code="Z">Main Library Open Access Collection</subfield>
  </datafield>
  <datafield tag="995" ind1=" " ind2=" ">
    <subfield code="a">MAIN LIBRARY OPEN ACCESS</subfield>
    <subfield code="e">705307</subfield>
    <subfield code="F">CBU-MAIN LIBRARY (Kitwe)</subfield>
    <subfield code="I">0.00</subfield>
    <subfield code="j">HF 5635 But</subfield>
    <subfield code="M">9</subfield>
    <subfield code="U">AVAILABLE</subfield>
    <subfield code="W">Feb 15, 2013</subfield>
    <subfield code="y">005547</subfield>
    <subfield code="Z">Main Library Open Access Collection</subfield>
  </datafield>
  <datafield tag="995" ind1=" " ind2=" ">
    <subfield code="a">MAIN LIBRARY OPEN ACCESS</subfield>
    <subfield code="D">0.00</subfield>
    <subfield code="e">705280</subfield>
    <subfield code="F">CBU-MAIN LIBRARY (Kitwe)</subfield>
    <subfield code="H">8</subfield>
    <subfield code="I">6.85</subfield>
    <subfield code="j">HF 5635 But</subfield>
    <subfield code="M">3</subfield>
    <subfield code="U">AVAILABLE</subfield>
    <subfield code="y">005549</subfield>
    <subfield code="Z">Main Library Open Access Collection</subfield>
  </datafield>
  <datafield tag="995" ind1=" " ind2=" ">
    <subfield code="a">ANNEX COLLECTION (Main Library)</subfield>
    <subfield code="D">0.00</subfield>
    <subfield code="e">709487</subfield>
    <subfield code="F">CBU-MAIN LIBRARY (Kitwe)</subfield>
    <subfield code="H">1</subfield>
    <subfield code="I">6.85</subfield>
    <subfield code="j">HF 5635 But</subfield>
    <subfield code="U">AVAILABLE</subfield>
    <subfield code="y">005546</subfield>
    <subfield code="Z">Annex Low-Usage Collection </subfield>
  </datafield>
  <datafield tag="995" ind1=" " ind2=" ">
    <subfield code="a">ANNEX COLLECTION (Main Library)</subfield>
    <subfield code="D">0.00</subfield>
    <subfield code="e">705282</subfield>
    <subfield code="F">CBU-MAIN LIBRARY (Kitwe)</subfield>
    <subfield code="H">5</subfield>
    <subfield code="I">6.85</subfield>
    <subfield code="j">HF 5635 But</subfield>
    <subfield code="U">AVAILABLE</subfield>
    <subfield code="y">005548</subfield>
    <subfield code="Z">Annex Low-Usage Collection </subfield>
  </datafield>
  <datafield tag="995" ind1=" " ind2=" ">
    <subfield code="a">BINDERY (DAMAGED)</subfield>
    <subfield code="D">0.00</subfield>
    <subfield code="e">705308</subfield>
    <subfield code="F">CBU-MAIN LIBRARY (Kitwe)</subfield>
    <subfield code="H">2</subfield>
    <subfield code="I">6.85</subfield>
    <subfield code="j">HF 5635 But</subfield>
    <subfield code="U">DAMAGED</subfield>
    <subfield code="y">705308</subfield>
    <subfield code="Z">Main Library Open Access Collection</subfield>
  </datafield>
  <datafield tag="995" ind1=" " ind2=" ">
    <subfield code="a">BINDERY (DAMAGED)</subfield>
    <subfield code="D">0.00</subfield>
    <subfield code="e">705278</subfield>
    <subfield code="F">CBU-MAIN LIBRARY (Kitwe)</subfield>
    <subfield code="H">6</subfield>
    <subfield code="I">6.85</subfield>
    <subfield code="j">HF 5635 But</subfield>
    <subfield code="U">DAMAGED</subfield>
    <subfield code="y">705278</subfield>
    <subfield code="Z">Main Library Open Access Collection</subfield>
  </datafield>
  <datafield tag="995" ind1=" " ind2=" ">
    <subfield code="a">BINDERY (DAMAGED)</subfield>
    <subfield code="D">0.00</subfield>
    <subfield code="e">705281</subfield>
    <subfield code="F">CBU-MAIN LIBRARY (Kitwe)</subfield>
    <subfield code="H">3</subfield>
    <subfield code="I">6.85</subfield>
    <subfield code="j">HF 5635 But</subfield>
    <subfield code="U">DAMAGED</subfield>
    <subfield code="y">705281</subfield>
    <subfield code="Z">Main Library Open Access Collection</subfield>
  </datafield>
  <datafield tag="999" ind1=" " ind2=" ">
    <subfield code="c">77000</subfield>
    <subfield code="d">77000</subfield>
  </datafield>
  <datafield tag="952" ind1=" " ind2=" ">
    <subfield code="0">0</subfield>
    <subfield code="1">0</subfield>
    <subfield code="2">lcc</subfield>
    <subfield code="4">0</subfield>
    <subfield code="7">0</subfield>
    <subfield code="a">001</subfield>
    <subfield code="b">001</subfield>
    <subfield code="c">Annex Low-Usage Collection </subfield>
    <subfield code="d">2023-04-25</subfield>
    <subfield code="l">0</subfield>
    <subfield code="o">HF 5635 But</subfield>
    <subfield code="p">005550</subfield>
    <subfield code="r">2023-04-25</subfield>
    <subfield code="t">1</subfield>
    <subfield code="w">2023-04-25</subfield>
    <subfield code="y">002</subfield>
  </datafield>
  <datafield tag="952" ind1=" " ind2=" ">
    <subfield code="0">0</subfield>
    <subfield code="1">0</subfield>
    <subfield code="2">lcc</subfield>
    <subfield code="4">0</subfield>
    <subfield code="7">0</subfield>
    <subfield code="a">001</subfield>
    <subfield code="b">001</subfield>
    <subfield code="c">Main Library Open Access Collection</subfield>
    <subfield code="d">2023-04-25</subfield>
    <subfield code="l">0</subfield>
    <subfield code="o">HF 5635 But</subfield>
    <subfield code="p">705283</subfield>
    <subfield code="r">2023-04-25</subfield>
    <subfield code="t">2</subfield>
    <subfield code="w">2023-04-25</subfield>
    <subfield code="y">002</subfield>
  </datafield>
  <datafield tag="952" ind1=" " ind2=" ">
    <subfield code="0">0</subfield>
    <subfield code="1">0</subfield>
    <subfield code="2">lcc</subfield>
    <subfield code="4">0</subfield>
    <subfield code="7">0</subfield>
    <subfield code="a">001</subfield>
    <subfield code="b">001</subfield>
    <subfield code="c">Main Library Open Access Collection</subfield>
    <subfield code="d">2023-04-25</subfield>
    <subfield code="l">0</subfield>
    <subfield code="o">HF 5635 But</subfield>
    <subfield code="p">005547</subfield>
    <subfield code="r">2023-04-25</subfield>
    <subfield code="t">3</subfield>
    <subfield code="w">2023-04-25</subfield>
    <subfield code="y">002</subfield>
  </datafield>
  <datafield tag="952" ind1=" " ind2=" ">
    <subfield code="0">0</subfield>
    <subfield code="1">0</subfield>
    <subfield code="2">lcc</subfield>
    <subfield code="4">0</subfield>
    <subfield code="7">0</subfield>
    <subfield code="a">001</subfield>
    <subfield code="b">001</subfield>
    <subfield code="c">Main Library Open Access Collection</subfield>
    <subfield code="d">2023-04-25</subfield>
    <subfield code="l">0</subfield>
    <subfield code="o">HF 5635 But</subfield>
    <subfield code="p">005549</subfield>
    <subfield code="r">2023-04-25</subfield>
    <subfield code="t">4</subfield>
    <subfield code="w">2023-04-25</subfield>
    <subfield code="y">002</subfield>
  </datafield>
  <datafield tag="952" ind1=" " ind2=" ">
    <subfield code="0">0</subfield>
    <subfield code="1">0</subfield>
    <subfield code="2">lcc</subfield>
    <subfield code="4">0</subfield>
    <subfield code="7">0</subfield>
    <subfield code="a">001</subfield>
    <subfield code="b">001</subfield>
    <subfield code="c">Annex Low-Usage Collection </subfield>
    <subfield code="d">2023-04-25</subfield>
    <subfield code="l">0</subfield>
    <subfield code="o">HF 5635 But</subfield>
    <subfield code="p">005546</subfield>
    <subfield code="r">2023-04-25</subfield>
    <subfield code="t">5</subfield>
    <subfield code="w">2023-04-25</subfield>
    <subfield code="y">002</subfield>
  </datafield>
  <datafield tag="952" ind1=" " ind2=" ">
    <subfield code="0">0</subfield>
    <subfield code="1">0</subfield>
    <subfield code="2">lcc</subfield>
    <subfield code="4">0</subfield>
    <subfield code="7">0</subfield>
    <subfield code="a">001</subfield>
    <subfield code="b">001</subfield>
    <subfield code="c">Annex Low-Usage Collection </subfield>
    <subfield code="d">2023-04-25</subfield>
    <subfield code="l">0</subfield>
    <subfield code="o">HF 5635 But</subfield>
    <subfield code="p">005548</subfield>
    <subfield code="r">2023-04-25</subfield>
    <subfield code="t">6</subfield>
    <subfield code="w">2023-04-25</subfield>
    <subfield code="y">002</subfield>
  </datafield>
  <datafield tag="952" ind1=" " ind2=" ">
    <subfield code="0">0</subfield>
    <subfield code="1">0</subfield>
    <subfield code="2">lcc</subfield>
    <subfield code="4">0</subfield>
    <subfield code="7">0</subfield>
    <subfield code="a">001</subfield>
    <subfield code="b">001</subfield>
    <subfield code="c">Main Library Open Access Collection</subfield>
    <subfield code="d">2023-04-25</subfield>
    <subfield code="l">0</subfield>
    <subfield code="o">HF 5635 But</subfield>
    <subfield code="p">705308</subfield>
    <subfield code="r">2023-04-25</subfield>
    <subfield code="t">7</subfield>
    <subfield code="w">2023-04-25</subfield>
    <subfield code="y">002</subfield>
  </datafield>
  <datafield tag="952" ind1=" " ind2=" ">
    <subfield code="0">0</subfield>
    <subfield code="1">0</subfield>
    <subfield code="2">lcc</subfield>
    <subfield code="4">0</subfield>
    <subfield code="7">0</subfield>
    <subfield code="a">001</subfield>
    <subfield code="b">001</subfield>
    <subfield code="c">Main Library Open Access Collection</subfield>
    <subfield code="d">2023-04-25</subfield>
    <subfield code="l">0</subfield>
    <subfield code="o">HF 5635 But</subfield>
    <subfield code="p">705278</subfield>
    <subfield code="r">2023-04-25</subfield>
    <subfield code="t">8</subfield>
    <subfield code="w">2023-04-25</subfield>
    <subfield code="y">002</subfield>
  </datafield>
  <datafield tag="952" ind1=" " ind2=" ">
    <subfield code="0">0</subfield>
    <subfield code="1">0</subfield>
    <subfield code="2">lcc</subfield>
    <subfield code="4">0</subfield>
    <subfield code="7">0</subfield>
    <subfield code="a">001</subfield>
    <subfield code="b">001</subfield>
    <subfield code="c">Main Library Open Access Collection</subfield>
    <subfield code="d">2023-04-25</subfield>
    <subfield code="l">0</subfield>
    <subfield code="o">HF 5635 But</subfield>
    <subfield code="p">705281</subfield>
    <subfield code="r">2023-04-25</subfield>
    <subfield code="t">9</subfield>
    <subfield code="w">2023-04-25</subfield>
    <subfield code="y">002</subfield>
  </datafield>
</record>
